[Event "Amber Blindfold"]
[Site "Monte Carlo MNC"]
[Date "2004.03.28"]
[Round "8"]
[White "Morozevich,A"]
[Black "Vallejo Pons,F"]
[Result "1-0"]
[WhiteElo "2732"]
[BlackElo "2663"]
[EventDate "2004.03.20"]

1. e4 c6 2. d4 d5 3. f3 e6 4. Nc3 Bb4 5. Bf4 Ne7 6. Qd3 b6 7. Nge2 a5 8.
O-O-O Ba6 9. Qe3 Nd7 10. h4 O-O 11. a3 Bxc3 12. Qxc3 c5 13. Bd6 Rc8 14. Kb1
Re8 15. Bxe7 Qxe7 16. exd5 exd5 17. Nf4 c4 18. g3 Nf6 19. Bh3 Ra8 20. Rhe1
Qd6 21. Re5 Bc8 22. Bxc8 Rexc8 23. g4 b5 24. Qe3 b4 25. g5 Nd7 26. Rxd5 Qc6
27. Qe7 Nb6 28. Rf5 Rc7 29. d5 Qb7 30. Qe5 Nd7 31. Qd4 bxa3 32. d6 Rc5 33.
Nh5 f6 34. Rxc5 Nxc5 35. gxf6 Rb8 36. Qxc4+ Qf7 37. Qxc5 Rxb2+ 38. Kc1 Qa2
39. Qc8+ Kf7 40. Qd7+ Kg6 41. Qxg7+ 1-0

[Event "Amber Rapid"]
[Site "Monte Carlo MNC"]
[Date "2004.03.26"]
[Round "6"]
[White "Van Wely,L"]
[Black "Morozevich,A"]
[Result "1-0"]
[WhiteElo "2617"]
[BlackElo "2732"]
[EventDate "2004.03.20"]

1. d4 d5 2. c4 e5 3. dxe5 d4 4. Nf3 Nc6 5. g3 Nge7 6. Bg2 Ng6 7. Bg5 Qd7 8.
e6 fxe6 9. O-O e5 10. Qa4 Bd6 11. Nbd2 h6 12. c5 Bf8 13. Bh4 a5 14. a3 Ra6
15. Rfe1 Qf5 16. Rac1 Be7 17. Bxe7 Ngxe7 18. e3 O-O 19. exd4 exd4 20. b4
axb4 21. Qb3+ Kh8 22. axb4 b5 23. cxb6 Rxb6 24. Qa3 Qf7 25. Rc5 Nd5 26. b5
Ncb4 27. Ne4 Bf5 28. Ne5 Qe7 29. f4 Bxe4 30. Rc4 Nxf4 31. Rxe4 d3 32. Ng6+
Nxg6 33. Rxe7 Nxe7 34. Qxb4 Rd6 35. Rxc7 Nf5 36. Rd7 Rff6 37. Rxd6 Rxd6 38.
Bf3 d2 39. Bd1 Rd8 40. Qc5 Nd6 41. Qc7 1-0